| 000 | 00486nam a2200181Ia 4500 | ||
|---|---|---|---|
| 005 | 20250508153730.0 | ||
| 008 | 008 250505s9999 xx 000 0 eng d | ||
| 037 | _aTextual | ||
| 040 |
_aFEDL _beng _cFEDL |
||
| 041 |
_aeng _2eng |
||
| 084 |
_a370.62, NAT _qFEDL |
||
| 245 | 0 | _aNea handbool | |
| 260 |
_aWashington, USA _bNational Education Association _c1946 |
||
| 300 | _a320p | ||
| 650 | _aEducation | ||
| 942 |
_cTEXL _h370.62, NAT |
||
| 999 |
_c1345070 _d1345070 |
||